Terapia conductual dialéctica: descripción general de una propuesta centrada en la aceptación incondicional = Dialectical behaviour therapy: overview of a proposal centered on unconditional acceptance /
Este artículo hace un recuento de la Terapia Conductual Dialéctica (TCD), la cual es un modelo de intervención psicológica basado en la aceptación incondicional del sujeto y la promoción de cambios por medio de una interacción dialéctica entre ambas tendencias. El artículo revisa su surgimiento, se...
Guardat en:
| Autor principal: | |
|---|---|
| Altres autors: | |
| Format: | Text |
| Matèries: | |
| Etiquetes: |
Afegir etiqueta
Sense etiquetes, Sigues el primer a etiquetar aquest registre!
|
MARC
| LEADER | 00000 a a2200000 04500 | ||
|---|---|---|---|
| 001 | 45132 | ||
| 003 | |||
| 040 | |||
| 100 | |a Ramírez Henderson, Ronald | ||
| 245 | |a Terapia conductual dialéctica: descripción general de una propuesta centrada en la aceptación incondicional = |b Dialectical behaviour therapy: overview of a proposal centered on unconditional acceptance / |c Ronald Ramírez Henderson, Luis Francisco Vargas Madriz | ||
| 500 | |a ronald.ramirez@ucr.ac.cr |a luis.vargasmadriz@ucr.ac.cr | ||
| 520 | |a Este artículo hace un recuento de la Terapia Conductual Dialéctica (TCD), la cual es un modelo de intervención psicológica basado en la aceptación incondicional del sujeto y la promoción de cambios por medio de una interacción dialéctica entre ambas tendencias. El artículo revisa su surgimiento, se explican sus principios fundamentales, sus estrategias, sus modalidades de intervención y su organización del tratamiento. Se concluye con una reflexión de las implicaciones de adaptación del modelo en Costa Rica. | ||
| 590 | |a AMB/AGOSTO2014 | ||
| 650 | |a A)PSICOLOGIA | ||
| 650 | |a B)TERAPIA COGNITIVA (TESAURO ISOC DE PSICOLOGIA) | ||
| 650 | |a C)DIALECTICA (TESAURO EN CIENCIAS SOCIALES) | ||
| 650 | |a D)COSTA RICA | ||
| 700 | |a Vargas Madriz, Luis Francisco | ||
| 773 | |g número137 ( , 2012), páginas 53-64 | ||
| 999 | |c 37072 |d 37072 | ||
| 773 | 0 | |0 18728 |9 3013 |a Universidad de Costa Rica |d San José, Costa Rica Editorial UCR 1956- |o 15200 |t Revista de Ciencias Sociales/ |x 04825276 | |
